000 00530nam a2200181Ia 4500
008 140110s9999 xx 000 0 und d
020 _a9788190583923
_cRs.140.00
040 _aLoreto College
041 _aEnglish
082 _a005.7/BAN
_bLCLIB/49554
100 _aBangia, Ramesh
245 _aSystematic solutions for learners web designing
_cRamesh Bangia
260 _aNew Delhi
_bKhanna Computer Book Shop
_c2007
300 _axii, 340p.
_c24cm.
650 _aWebsites Design
850 _aLCLIB/005.7/BAN
942 _cBK
999 _c38342
_d88821